Proteger lo propio. Documentos para la historia de la artesanía en la Costa Rica de mediados del siglo XIX
Se destacan aspectos de la historia de los artesanos costarricenses a mediados del siglo XIX
Shranjeno v:
| Glavni avtor: | |
|---|---|
| Format: | Neznan |
| Izdano: |
Heredia, Costa Rica:
EUNA : Editorial de la Universidad de Costa Rica,
|
| Teme: | |
| Oznake: |
Označite
Brez oznak, prvi označite!
|
MARC
| LEADER | 000000000a22000000004500 | ||
|---|---|---|---|
| 001 | 001589 | ||
| 022 | |a 1012-9790 | ||
| 041 | 0 | |a español | |
| 092 | 0 | |a Revista de Historia 905 R | |
| 100 | 1 | |a Rodríguez Sáenz, Eugenia | |
| 245 | 1 | 0 | |a Proteger lo propio. Documentos para la historia de la artesanía en la Costa Rica de mediados del siglo XIX |
| 260 | |a Heredia, Costa Rica: |b EUNA : Editorial de la Universidad de Costa Rica, | ||
| 520 | |a Se destacan aspectos de la historia de los artesanos costarricenses a mediados del siglo XIX | ||
| 650 | 4 | |a ARTESANIA | |
| 650 | 4 | |a COSTA RICA | |
| 773 | 0 | |t Revista de Historia | |
| 773 | 0 | |g número 28 (julio-diciembre 1993) | |
| 773 | 0 | |g 1975- | |
| 773 | 0 | |g 191-206 páginas | |
| 999 | |c 1883 |d 1883 | ||
